000 00465nam a2200181Ia 4500
005 20250508163148.0
008 008 250505s9999 xx 000 0 hin d
020 _a81-7024-759-4 (Set)
037 _aReference
040 _aFEDL
_beng
_cFEDL
041 _ahin
_2eng
084 _a370.19, ATA
_qFEDL
100 _aAtav A K C
_9774837
245 0 _aShiksha aur samaj
300 _a302p.
942 _cREF
_h370.19, ATA
999 _c1381234
_d1381234